000
00306nam a22001097a 4500
008
160428b xxu||||| |||| 00| 0 eng d
020
_a
9780323046244
041
_a
eng
080
_a
618.2
245
_a
Evidence Based nursing care guidelines:
_c
Betty J. Ackley; Beth Ann Swan;Gail B. Ladwig;
942
_2
udc
_c
BK
999
_c
1649
_d
1649